| 000 | 00884nam a22002297a 4500 | ||
|---|---|---|---|
| 999 |
_c65956 _d65956 |
||
| 005 | 20240530110851.0 | ||
| 008 | 200912s2019 ua a f b 000 0dara d | ||
| 017 |
_a2019/5330 _bمصر. دار الكتب |
||
| 020 | _a9789771813644 | ||
| 040 |
_aEG-CaGPL _cEG-CaGPL |
||
| 082 | 0 | 4 |
_221 _a962.031\ _bق/ز ك |
| 100 | 0 | _aزينب عصمت راشد | |
| 245 | 1 | 0 |
_aكريت تحت الحكم المصرى 1830 - 1840 / _cتاليف زينب عصمت راشد |
| 250 | _aط.1 | ||
| 260 |
_aالقاهرة : _bمطبعة دار الكتب و الوثائق القومية بالقاهرة ، _c2019 |
||
| 300 |
_a260 ص. ؛ _c24 سم. |
||
| 650 | 0 | 7 |
_2qrmak _aالتأريخ |
| 651 | 0 | 7 |
_2qrmak _aكريت _xتاريخ |
| 651 | 0 | 7 |
_aمصر _xتاريخ _yالعصر الحديث _zعصر محمد على _2qrmak |
| 942 |
_2ddc _cBK |
||